Robinson Crusoe /
Převyprávění známého dobrodružného románu, příběhu trosečníka, bojujícího o přežití na pustém ostrově. Pro mladší děti.
Uloženo v:
| Hlavní autor: | |
|---|---|
| Další autoři: | , |
| Médium: | E-audiokniha |
| Jazyk: | Czech |
| Vydáno: |
Praha :
Fragment,
2018
|
| Vydání: | 2. vydání |
| Témata: | |
| Tagy: |
Žádné tagy |
| LEADER | 04217nam a2200841 i 4500 | ||
|---|---|---|---|
| 001 | 313121 | ||
| 003 | CZ PrSKC | ||
| 005 | 20260601215735.0 | ||
| 007 | ta | ||
| 008 | 181116s2018 xr a b 000 f cze | ||
| 015 | |a cnb003057022 | ||
| 020 | |a 9788025338971 |q (vázáno) : |c Kč 229,00 | ||
| 035 | |a (OCoLC)1081366664 | ||
| 040 | |a BOA001 |b cze |d ABA001 |e rda | ||
| 072 | 7 | |a 821.111-3 |x Anglická próza, anglicky psaná |2 Konspekt | |
| 072 | 7 | |a 821-93 |x Literatura pro děti a mládež (beletrie) |2 Konspekt | |
| 080 | |a 821.111-31 |2 MRF | ||
| 080 | |a 821-93 |2 MRF | ||
| 080 | |a (0:82-311.3) |2 MRF | ||
| 080 | |a (0.046.6) |2 MRF | ||
| 100 | 1 | |a Eislerová, Jana, |d 1942- |7 jn20010309761 |4 aut | |
| 245 | 1 | 0 | |a Robinson Crusoe / |c převyprávěla Jana Eislerová ; ilustroval Antonín Šplíchal |
| 250 | |a 2. vydání | ||
| 264 | 1 | |a Praha : |b Fragment, |c 2018 | |
| 300 | |a 55 stran : |b barevné ilustrace ; |c 29 cm | ||
| 336 | |a text |b txt |2 rdacontent | ||
| 336 | |a statický obraz |b sti |2 rdacontent | ||
| 337 | |a bez média |b n |2 rdamedia | ||
| 338 | |a svazek |b nc |2 rdacarrier | ||
| 520 | 2 | |a Převyprávění známého dobrodružného románu, příběhu trosečníka, bojujícího o přežití na pustém ostrově. Pro mladší děti. |b Zkrácená a zjednodušená podoba příběhu o nejslavnějším trosečníkovi. Po hádce s rodiči a strašlivé mořské bouři se Robinson ocitá sám na opuštěném ostrově a musí se naučit přežít. Shání potravu, zařizuje si jeskyni, snaží se rozdělat oheň, vyrábí si oblečení a začíná chovat zvířata i pěstovat rostliny. Do jeho života na ostrově zasahuje příchod lidoužroutů. Nakonec Robinson nachází přítele. Bohatě ilustrováno. | |
| 521 | 8 | |a Pro čtenáře od 7 let | |
| 655 | 7 | |a anglické romány |7 fd131814 |2 czenas | |
| 655 | 7 | |a dobrodružné romány |7 fd132061 |2 czenas | |
| 655 | 7 | |a literární adaptace |7 fd119387 |2 czenas | |
| 655 | 7 | |a publikace pro děti |7 fd133156 |2 czenas | |
| 655 | 9 | |a English fiction |2 eczenas | |
| 655 | 9 | |a adventure novels |2 eczenas | |
| 655 | 9 | |a literary adaptations |2 eczenas | |
| 655 | 9 | |a children's literature |2 eczenas | |
| 700 | 1 | |a Šplíchal, Antonín, |d 1947- |7 ola2003162788 |4 ill | |
| 700 | 1 | |i Literární adaptace díla: |a Defoe, Daniel, |d asi 1661-1731. |t Robinson Crusoe |7 aun2007419931 | |
| 900 | |a ABA001 |b 20 | ||
| 928 | 9 | |a Albatros Media - Fragment | |
| 044 | |a xr | ||
| 505 | 0 | 0 | |t 01 Poprve na mori (5 min., 12 sek.) |
| 505 | 0 | 0 | |t 02 Cesta do Afriky (4 min., 51 sek.) |
| 505 | 0 | 0 | |t 03 V otroctvi (4 min., 47 sek.) |
| 505 | 0 | 0 | |t 04 Trosecnik (5 min., 7 sek.) |
| 505 | 0 | 0 | |t 05 Prvni zkusenosti (5 min., 2 sek.) |
| 505 | 0 | 0 | |t 06 Robinson zacina hospodarit (4 min., 25 sek.) |
| 505 | 0 | 0 | |t 07 Prace pomaha prezit samotu (5 min., 20 sek.) |
| 505 | 0 | 0 | |t 08 Robinson ma chut na polevku (4 min., 48 sek.) |
| 505 | 0 | 0 | |t 09 Rajske udoli (4 min., 53 sek.) |
| 505 | 0 | 0 | |t 10 Zemetreseni a nemoc (4 min., 59 sek.) |
| 505 | 0 | 0 | |t 11 Stavba krbu a prace na poli (5 min., 12 sek.) |
| 505 | 0 | 0 | |t 12 Pozar pralesa (5 min., 5 sek.) |
| 505 | 0 | 0 | |t 13 Nebezpecne prihody (5 min., 1 sek.) |
| 505 | 0 | 0 | |t 14 Ztroskotani lodi a navsteva lidojedu (4 min., 58 sek.) |
| 505 | 0 | 0 | |t 15 Samota konci v patek (5 min., 2 sek.) |
| 505 | 0 | 0 | |t 16 Divoch je take clovek (5 min., 15 sek.) |
| 505 | 0 | 0 | |t 17 Proc Robinsonuv clun nevyplul (4 min., 33 sek.) |
| 505 | 0 | 0 | |t 18 Robinson a Patek zachranuji zajatce (4 min., 28 sek.) |
| 505 | 0 | 0 | |t 19 Pribeh spanelske lodi (4 min., 40 sek.) |
| 505 | 0 | 0 | |t 20 Dalsi necekana navsteva (4 min., 49 sek.) |
| 505 | 0 | 0 | |t 21 Pirati a jejich zajatci (4 min., 46 sek.) |
| 505 | 0 | 0 | |t 22 Guvernerem ostrova (4 min., 30 sek.) |
| 505 | 0 | 0 | |t 23 Boj pokracuje (4 min., 33 sek.) |
| 505 | 0 | 0 | |t 24 Zachrana lodi (4 min., 57 sek.) |
| 505 | 0 | 0 | |t 25 Potrestani piratu (4 min., 39 sek.) |
| 505 | 0 | 0 | |t 26 Cesta domu (5 min., 16 sek.) |
| 910 | |a RBIT002 | ||
| 998 | |d 357799 |a https://core.palmknihy.cz/api/books/357799/cover?sia8tq |b https://core.palmknihy.cz/api/books/357799/cover/400?sia8tq |c https://core.palmknihy.cz/api/books/357799/cover/50?sia8tq |e 2059-12-15 |i 9788025338971 |l 7620 |q 49 |r 1 |s https://www.palmknihy.cz/kniha/357799 |t audiobook |y 1970 |z 0 | ||
| 999 | |d 313119 | ||